00736nam a2200193 i 450000100060000000300090000600500170001500700030003200800410003510000330007624502080010926000440031730000220036149000350038370000150041870000430043383000350047685200310051172665ES-MaACL20250902063057.0t|040902s1945 ag ||||1| spa d1 aGodwin, William, d1756-183610aInvestigación acerca de la justicia política y su influencia en la virtud y la dicha generales / cWilliam Godwin ; traducción castellana por J. Prince ; introducción por Diego A. de Santillán. aBuenos Aires : bAméricalee, c[1945] a417 p. ; c24 cm.1 aUniversal de estudios sociales1 aPrince, J.1 aAbad de Santillán, Diego,d1897-19830 aUniversal de estudios sociales aES-MaACLjC-8881 bR.22808